Statistics for Multiple Choice Geography #2

Click here to take the quiz!

General Stats

  • This quiz has been taken 77,121 times
  • The average score is 10 of 15

Answer Stats

QuestionAnswer% Correct
Which of these countries borders the most other countries?Germany
85%
Which of these countries has the highest life expectancy?Japan
84%
Which of these cities has the highest population?Shanghai
84%
Which of these countries has the highest GDP per capita?Switzerland
80%
Which of these U.S. states has the largest area?California
79%
Which of these cities has the most air pollution?Delhi
73%
Which of these countries has the largest population?Brazil
70%
Which of these rivers flows past the most countries?Danube
69%
Which of these islands has the largest area?Madagascar
67%
Which of these bodies of water has the largest surface area?Gulf of Mexico
64%
Which of these countries has the highest percentage of Catholics?Poland
63%
Which of these capital cities gets the most rain?Kuala Lumpur
62%
Which of these mountain ranges has the highest maximum elevation?Andes
59%
Which of these cities is at the highest latitude? (i.e. the furthest north)London
56%
Which of these countries has the highest fertility rate?Tanzania
39%

Score Distribution

Percentile by Number Answered

Percent of People with Each Score

Your Score History

You have not taken this quiz